home page   АИС "Историко-культурное наследие Беларуси"
  Базовый | Расширенный | Профессиональный | Словарь персоналий | Тематический словарь | По видам объектов История запросов  Заказы    Регистрация

Запись в MARC-формате

копировать MARC-запись

=LDR  00000nx\\c2200217\\\45\\
=001  BY-NLB-ar3357330
=005  20160330095633.1
=100  \\$a20100225abely50\\\\\\ca0
=152  \\$apsbo
=160  \\$ae-bw
=215  \\$aКасцёл Прасвятой Тройцы (Ішчална, вёска; Шчучынскі раён)
=300  1\$aПомнік архітэктуры позняга барока. Пабудаваны ў 1758 г.
=356  \\$aЗнаходзіцца ў вёсцы Ішчална Шчучынскага раёна Гродзенскай вобласці.
=415  \\$aІшчалнаўскі Троіцкі касцёл
=415  \\$aІшчалнянскі касцёл Прасвятой Тройцы
=515  \\$5w$3BY-NLB-ar3357326$aКостел Пресвятой Троицы (Ищелна, деревня; Щучинский район)
=801  \0$aBY$bBY-HM0000$c20100225
=810  \\$aАрхітэктура Беларусі : энцыклапедычны даведнік. — Мінск, 1993.
=810  \\$aТуристская энциклопедия Беларуси. — Минск, 2007.
=810  \\$aКаталіцкія храмы на Беларусі : энцыклапедычны даведнік / А. М. Кулагін. — Мінск, 2000.
=999  \\$f40$t20100225

Чтобы вернуться назад, щелкните кнопку BACK на Вашем браузере